000 00433cam a2200157ua 4500
041 _aeng
_h
082 _a352.00724
_bGAL/UR
100 _aGallion, Arthur b .
245 _aUrban pattern city planning and design /
_cArthur B Gallion.
_hTextual Documents
260 _aNew York :
_bVan Nostrand Reinhold Company ,
_c1965.
300 _a435 ; .
504 _a
700 1 _aEisner, Simon .
942 _cBK
999 _c10970
_d10970